Zmeny v štruktúre obyvateľstva podľa veku, rodinného stavu a vzdelania na Slovensku po vzniku Československa
Analýza štruktúry obyvateľstva Slovenska podľa veku, rodinného stavu a vzdelania za obdobie uplynulých 100 rokov od vzniku Československej republiky. Na základe údajov deklarovaných v sčítaní obyvateľov od roku 1921 až po posledné v roku 2011 hodnotí zmeny v spomínaných populačných štruktúrach.
Salvato in:
| Autore principale: | |
|---|---|
| Natura: | Capitolo di libro |
| Lingua: | slovacco |
| Soggetti: | |
| Tags: |
Nessun Tag, puoi essere il primo ad aggiungerne!!
|
MARC
| LEADER | 00000naa a2200000 4500 | ||
|---|---|---|---|
| 001 | 0248363 | ||
| 005 | 20220728114731.9 | ||
| 041 | 0 | |a slo | |
| 044 | |a SK | ||
| 245 | 1 | 0 | |a Zmeny v štruktúre obyvateľstva podľa veku, rodinného stavu a vzdelania na Slovensku po vzniku Československa |c Viera Pilinská |
| 520 | |a Analýza štruktúry obyvateľstva Slovenska podľa veku, rodinného stavu a vzdelania za obdobie uplynulých 100 rokov od vzniku Československej republiky. Na základe údajov deklarovaných v sčítaní obyvateľov od roku 1921 až po posledné v roku 2011 hodnotí zmeny v spomínaných populačných štruktúrach. | ||
| 610 | 2 | 0 | |a Slovensko |
| 610 | 2 | 0 | |a Československo |
| 610 | 2 | 0 | |a štatistika demografická |
| 610 | 2 | 0 | |a vývoj populačný |
| 610 | 2 | 0 | |a vzdelanie |
| 610 | 2 | 0 | |a starnutie populácie |
| 100 | 1 | |a Pilinská, Viera | |